Ozzy Osbourne- Crazy Train Lyrics - Statistics

General Stats
  • This quiz has been taken 352 times
  • The average score is 114 of 185
Answer Stats
Answer % Correct
a
99%
Crazy
98%
crazy
98%
I
98%
train
95%
of
92%
the
90%
The
90%
on
88%
going
87%
rails
85%
off
84%
I'm
82%
it
82%
that
82%
To
78%
to
78%
how
77%
people
76%
goes
74%
Millions
73%
that's
73%
who
69%
Who
69%
and
68%
me
68%
not
67%
All
65%
all
65%
but
65%
for
63%
living
62%
it's
61%
love
60%
aboard
59%
too
59%
as
57%
late
57%
learn
57%
you
56%
You
56%
hate
55%
forget
54%
Maybe
53%
insane
47%
healing
46%
are
45%
Driving
44%
know
44%
listen
44%
foes
43%
my
43%
what
43%
wounds
42%
Mental
39%
yeah
37%
fools
33%
things
33%
words
33%
rule
31%
wrong
31%
gotta
30%
I've
30%
just
30%
make
30%
Life's
28%
screaming
28%
their
28%
bitter
27%
rules
27%
own
26%
preachers
26%
still
26%
blame?
25%
listened
25%
shame
25%
with
23%
live
22%
One
22%
something
21%
dropouts
20%
isn't
20%
what's
20%
control
19%
fair
18%
cannot
17%
media
17%
sells
16%
war
16%
role
15%
we've
15%
become
14%
cold
14%
Heirs
12%
person
12%
watched
12%
conditioned
11%
mentally
11%
numb
11%
bear
10%
Inheriting
8%
troubles
8%
No matching quizzes found
Score Distribution
Percent of People with Each Score
Percentile by Number Answered
Your Score History
You have not taken this quiz